000 00947nam a2200217 i 4500
001 165241
003 ES-MaACL
005 20250814031829.0
008 050905s1876 sp | |||||||| ||spa d
040 _aCAM
_bspa
_cCAM
100 1 _aSerrano Cañete, Joaquín.
_9132667
245 1 0 _aDiscurso leído en la sesión inaugural del Ateneo de Valencia en noviembre de 1876 /
_cpor Joaquín Serrano Cañete.
260 _aValencia :
_b[s.n.],
_c1876 (
_fImprenta de Ramón Ortega)
300 _a14 p. ;
_c23 cm.
500 _aTema del discurso: Progreso de las ciencias naturales.
650 0 7 _aCiencias naturales
_2embne
_910984
710 2 _aAteneo Científico-Literario de Valencia.
_9170945
852 _aES-MaACL
_jT-378-F-12
_z-- Enc. hol., falto de la cub. original
_z-- Enc. en un vol. facticio
852 _aES-MaACL
_jT-205-F-6
_z-- Enc. hol., falto de la cub. original
_z-- Enc. en un vol. facticio
999 _c165241
_d165241